|
|
|
|
| LEADER |
01305nam a2200361 a 4500 |
| 001 |
EBC1107873 |
| 003 |
MiAaPQ |
| 005 |
20200520144314.0 |
| 006 |
m o d | |
| 007 |
cr cn||||||||| |
| 008 |
121019s2013 inua s 001 0 eng d |
| 010 |
|
|
|z 2012952211
|
| 020 |
|
|
|z 9781118403457 (pbk. : alk. paper)
|
| 020 |
|
|
|z 1118403452 (pbk. : alk. paper)
|
| 020 |
|
|
|a 9781118421895 (electronic bk.)
|
| 035 |
|
|
|a (MiAaPQ)EBC1107873
|
| 035 |
|
|
|a (Au-PeEL)EBL1107873
|
| 035 |
|
|
|a (CaPaEBR)ebr10643084
|
| 035 |
|
|
|a (CaONFJC)MIL425384
|
| 035 |
|
|
|a (OCoLC)823719542
|
| 040 |
|
|
|a MiAaPQ
|c MiAaPQ
|d MiAaPQ
|
| 050 |
|
4 |
|a HF5415.1265
|b .C37 2013
|
| 100 |
1 |
|
|a Cario, Jennifer Evans.
|
| 245 |
1 |
0 |
|a Pinterest marketing
|h [electronic resource] :
|b an hour a day /
|c Jennifer Evans Cario.
|
| 260 |
|
|
|a Indianapolis, Ind. :
|b John Wiley and Sons,
|c 2013.
|
| 300 |
|
|
|a xxxi, 302 p. :
|b ill.
|
| 500 |
|
|
|a Includes index.
|
| 533 |
|
|
|a Electronic reproduction. Ann Arbor, MI : ProQuest, 2015. Available via World Wide Web. Access may be limited to ProQuest affiliated libraries.
|
| 630 |
0 |
0 |
|a Pinterest.
|
| 650 |
|
0 |
|a Internet marketing.
|
| 655 |
|
4 |
|a Electronic books.
|
| 710 |
2 |
|
|a ProQuest (Firm)
|
| 856 |
4 |
0 |
|u https://ebookcentral.proquest.com/lib/matrademy/detail.action?docID=1107873
|z Click to View
|